Mejora del gobierno corporativo de sociedades no cotizadas (A props̤ito de la Ley 31/2014, de 3 de diciembre)

Detalles Bibliográficos
Autor principal: Jord ̀Garca̕, Rafael
Otros Autores: Navarro Matamoros, Linda
Formato: eBook
Lenguaje:español
Publicado: Madrid: Dykinson, 2015
Materias:
Acceso en línea:Acceso restringido

MARC

LEADER 00000nam a22000007a 4500
005 20150812222839.0
007 cr|||| ||||
008 150812s2015 es |||||s|||| 00||0 spa d
020 |a 978-84-9085-368-9 
035 |a 12810 
040 |a vLex 
090 |c 5526  |d 5526 
100 1 |a Jord ̀Garca̕, Rafael 
245 1 0 |a Mejora del gobierno corporativo de sociedades no cotizadas (A props̤ito de la Ley 31/2014, de 3 de diciembre)  |h [Recurso electrn̤ico] /  |c Rafael Jord ̀Garca̕, Linda Navarro Matamoros 
256 |a Servicio en ln̕ea 
260 |a Madrid:  |b Dykinson,  |c 2015 
300 |a 1 recurso electrn̤ico 
506 1 |a Disponible solo en los productos indicados  |d vLex Global  |d vLex Global (Academic Edition, excluding Law Schools)  |d vLex Global (U.S. Academic Edition, Law Schools)  |d vLex Global (U.S. Academic Edition, excluding Law Schools)  |d vLex Global (Academic Edition, Law Schools) 
650 0 4 |a Derecho Mercantil y de la Empresa  |z Espaą 
700 1 |a Navarro Matamoros, Linda 
740 0 |a vLex Libros (Servicio en ln̕ea) 
856 4 0 |u http://vlex.com/source/mejora-gobierno-corporativo-sociedades-no-cotizadas-12810  |z Acceso restringido 
942 |c BOOK 
999 0 |a Commercial Law and Business